000 00560nam a2200193Ia 4500
005 20250508150354.0
008 008 250505s9999 xx 000 0 eng d
037 _aTextual
040 _aFEDL
_beng
_cFEDL
041 _aeng
_2eng
084 _a301, LAN
_qFEDL
100 _aLandis Paul H.
_9138117
245 0 _aSocial police in the making : A dynamic view of social problems
260 _aBoston, USA
_bD C Heath and Company
_c1947
300 _axix,554p.
650 _aSociology
942 _cTEXL
_h301, LAN
999 _c1323265
_d1323265